Homenaje al Cardenal Raúl Silva Henríquez

Spremljeno u:
Bibliografski detalji
Autor kompanije: Pontificia Universidad Católica de Valparaíso (Autor)
Format: Knjiga
Jezik:španjolski
Izdano: Valparaíso Pontificia Universidad Católica de Valparaíso 2009
Teme:
Oznake: Dodaj oznaku
Bez oznaka, Budi prvi tko označuje ovaj zapis!

MARC

LEADER 00000nam a2200000 a 4500
001 UCH5141
003 CL-VaPUC
008 091001e20090000CL |||||||||||||||||spa|d
082 0 4 |a 262.12  |b PON  |2 21 
110 2 |a Pontificia Universidad Católica de Valparaíso  |e author  |9 541313 
245 1 0 |a Homenaje al Cardenal Raúl Silva Henríquez 
300 |a 100 p 
942 |c BK 
945 |d 20091001 00:00:00  |a rbrito 
260 |a Valparaíso  |b Pontificia Universidad Católica de Valparaíso  |c 2009 
600 0 |a Silva Henríquez, Raúl  |9 257779 
650 7 |a OBISPADO  |2 CL-VaPUC  |9 447208 
650 0 |a Teología pastoral   |9 257832 
650 7 |a HOMENAJE  |2 CL-VaPUC  |9 333787 
583 |a last modification  |c 20091001 00:00:00  |k Rodrigo Vera 
999 |c 336332  |d 336330 
952 |0 0  |1 0  |4 0  |6 262_120000000000000_PON_2009  |7 0  |8 A  |9 427489  |a BIBTEO  |b BIBTEO  |d 2019-11-22  |i 4604105  |o 262.12 PON 2009  |p 4604105  |r 2025-01-17  |w 2019-11-22  |y BK  |k ICR 
952 |0 0  |1 0  |4 0  |6 262_120000000000000_PON_2009  |7 0  |8 X  |9 427491  |a FDOBUD  |b FDOBUD  |d 2019-11-22  |i 4672542  |o 262.12 PON 2009  |p 4672542  |r 2019-11-22  |w 2019-11-22  |y BK_X  |k FHP